Boosting resilience through innovative risk governance
Gespeichert in:
| Format: | Buch |
|---|---|
| Sprache: | Englisch |
| Veröffentlicht: |
Paris
OECD
2014
|
| Schriftenreihe: | OECD reviews of risk management policies
|
| Schlagworte: | |
| Tags: |
Keine Tags, Fügen Sie das erste Tag hinzu!
|
MARC
| LEADER | 00000nam a2200000 4500 | ||
|---|---|---|---|
| 001 | 0196353 | ||
| 005 | 20240315120420.0 | ||
| 020 | |a 978-92-64-20910-7 | ||
| 022 | |a 1993-4092 | ||
| 041 | 0 | |a eng | |
| 044 | |a FR | ||
| 245 | 1 | 0 | |a Boosting resilience through innovative risk governance |
| 264 | 1 | |a Paris |b OECD |c 2014 | |
| 300 | |a 144 s. | ||
| 490 | 1 | |a OECD reviews of risk management policies | |
| 830 | 0 | |a OECD reviews of risk management policies | |
| 610 | 2 | 0 | |a pohromy živelné |
| 610 | 2 | 0 | |a opatrenia |
| 610 | 2 | 0 | |a riadenie rizík |
| 610 | 2 | 0 | |a riziko bezpečnostné |
| 610 | 2 | 0 | |a stratégia bezpečnostná |
| 610 | 2 | 0 | |a stratégia podniková |
| 610 | 2 | 0 | |a stratégia inovačná |
| 610 | 2 | 0 | |a ochrana sociálna |
| 610 | 2 | 0 | |a inštitúcie finančné |